000 00749cam a2200157 4500500
005 20260111053238.0
041 _afre
042 _adc
100 1 0 _aRivet de Sabatier, Philippe
_eauthor
245 0 0 _aGérard Berry, Le temps vu autrement. Langue, mesure, distribution, ondes, informatique et Pataphysique. Odile Jacob, 2025, 368 pages, €24.90.
260 _c2025.
500 _a82
520 _aIn Paris, at the Bibliothèque nationale de France, an exhibition devoted to Colette reveals the many lives of this emblematic literary figure of the twentieth century.
786 0 _nÉtudes | 4331 | 11 | 2025-11-03 | p. 128-129 | 0014-1941
856 4 1 _uhttps://shs.cairn.info/journal-etudes-2025-11-page-128?lang=en&redirect-ssocas=7080
999 _c1613739
_d1613739